| 000 | 01007nas1a22002771i 4500 | ||
|---|---|---|---|
| 001 | RU\NLR\INFOCOMM33\1000076429 | ||
| 005 | 20260406140640.0 | ||
| 035 | _a(NLR Aleph) 002532415 | ||
| 090 |
_a2861043 _c2861043 |
||
| 100 | _a20040426c1995 |||y0rusy50 ca | ||
| 101 | 0 | _arus | |
| 102 | _aRU | ||
| 110 | _aafu||||0|y0 | ||
| 200 | 1 |
_aМир образования _eЕжемес. науч.-попул. пед. журн. _fУчредитель: Образоват. фирма "Новая шк." |
|
| 210 |
_aМ. _cОбразоват. фирма "Новая шк." _d1995- |
||
| 225 | 1 | _aВойдем в этот мир вместе | |
| 712 | 0 | 2 |
_4570 _a"Новая школа", фирма _cМосква _3RU\NLR\AUTH\889919699 _9335641 |
| 801 | 1 |
_aRU _bInfoComm _c20040426 |
|
| 801 | 0 |
_aRU _bNLR _gPSBO |
|
| 852 |
_aNLR _jП29/728 |
||
| 942 | _cJOURNAL | ||
| 980 | _aRUSPER | ||